000 00407nam a22001697a 4500
005 20160525165935.0
008 160525b xxu||||| |||| 00| 0 eng d
020 _a978-81-7194-509-2
041 _aeng
082 _b5010
100 _aNadhani, Ashok K.
_91263
245 _aAccounting Standards
260 _aNew Delhi
_bAcademic Faundation
300 _a20.2
650 _aManagement
_9241
942 _cBK
999 _c1754
_d1753